000 01410naa a22003257a 4500
001 BR8401906
003 BR-BrBNA
005 20250721154438.0
007 ta
008 250630b bl.|||m| |||| 00| 0 por d
040 _aBR-BrBNA
_bpor
_cBiblioteca Nacional de Agricultura
041 _a(Pt)
072 _aN20; F60
_b4550
_b2121
_bG514
090 _aN20 BR8401906
100 1 _aMuller, C.H.
100 1 _aKato, A.K.
111 1 _a1. Simposio Brasileiro do Guarana
_cManaus, AM (Brazil)
_d24-28 Oct 1983
245 1 _aControlador hidro-mecanico de fluxo intermitente: pequenos agricultores [equipamento agricola, guarana, enraizamento de estaca, Brasil]
246 1 _a[Hydromechanical controller with intermittent flow: small agriculturalists [agricultural equipment, guarana, stake rooting, Brazil]]
246 1 _a[Annals of the 1. Brazilian Symposium on Guarana]
500 _aAnais do 1. Simposio Brasileiro do Guarana Manaus, AM (Brasil): 1983. p. 345-354 [5 illus.] (BR8401906-AMS)
773 0 _tAnais do 1. Simposio Brasileiro do Guarana
_wN20 BR8401906
_gManaus, AM (Brasil), 1983. p. 345-354
650 _aGUARANA
650 _aENRAIZAMENTO DE ESTACA
650 _aEQUIPAMENTO AGRICOLA
650 _aPULVERIZACAO
490 _aDocumentos - Unidade de Execucao de Pesquisa de Ambito Estadual de Manaus (Brazil)
_vno. 3
942 _cAMS
_2AGRIS
909 _a202506
_bLúcia
_c55
_dLúcia Elande
999 _c334812
_d334812